01301cam a22002177a 4500003000400000005001700004008004100021017004000062020001800102040002400120100002300144245010900167260003100276300002600307504003400333520063100367650002200998650002001020650001401040700002901054OSt20211222142854.0181115s2018 sp a 001 0bspa|d aDL M 20548-2018bOficina DL Madrid a9788437638836 aES-BaUABbcatcCDMR1 aMarzo, Jorge Luis,13aLa competencia de lo falso b: una historia del fake /cJorge Luis Marzo ; prólogo de Joan Fontcuberta aMadrid :bCátedra,c2018 a308 p. :bil ;c18 cm aInclou bibliografia i índex a"Tradiciones inventadas. Pintores que no existen. Libros que debieran haber existido. Identidades tomadas en préstamo. La rica cultura de lo falso se ha tejido a la sombra de diferentes regulaciones de la verdad destinadas a delimitar qué es ficción y qué realidad. Hoy sabemos que son la misma cosa, y que la ficción funda realidades, que tiene voluntad pública, cuestionando la común interpretación de lo verdadero. La gestión de la verdad y de sus formatos es la base de toda autoridad. El "fake" surge precisamente para cortocircuitarla, explorando sus quimeras lingüísticas." --cEdiciones Cátedra 4aVeritat i mentida 0aDesinformació 0aFake news1 aFontcuberta, Joand1955-